Colònies i estades per l'educació, el lleure i els esports : Flor de Maig, l'alberg de Collserola Flor de Maig, l'alberg de Collserola
Descripción Física:
[30] p. en una carpeta d'anelles : il. col. ; 23 cm
MARC
| LEADER | 00000nam a2200000Ia 4500 | ||
|---|---|---|---|
| 001 | 18466 | ||
| 008 | 160829s9999 xx 000 0 cat d | ||
| 080 | |a FU-51-5 | ||
| 245 | |a Colònies i estades per l'educació, el lleure i els esports : |b Flor de Maig, l'alberg de Collserola | ||
| 260 | |a [Barcelona] : |b Patronat Flor de Maig. Diputació de Barcelona, [199 - ?] | ||
| 300 | |a [30] p. en una carpeta d'anelles : |b il. col. ; |c 23 cm | ||
| 650 | |a Colònies de vacances |x Collserola |9 40134 | ||
| 650 | |a Activitats extraescolars |x Collserola |9 40135 | ||
| 710 | |a La Flor de Maig |9 54173 | ||
| 710 | 1 | |a Barcelona (Catalunya : Província). |b Diputació |9 52408 | |
| 901 | |a Arxiu | ||
| 942 | |n 1 | ||
| 952 | |0 0 |1 0 |4 0 |6 FU515 |7 1 |9 49432 |a Arxiu |b Arxiu |d 2016-12-01 |l 0 |o FU-51-5 |p 18466 |r 2016-12-01 00:00:00 |w 2016-12-01 |y ARXIU | ||
| 999 | |c 53274 |d 53274 | ||